000 00678nam a2200253Ia 4500
003 OSt
005 20220918221227.0
006 a|||||r|||| 00| 0
007 ta
008 220917b |||||||| |||| 00| 0 eng d
024 _a148,843
037 _cTextual
040 _aARTS
_cARTS
_beng
041 _2eng
_aeng
082 _aTz7, J6
100 _aFoff Arthur ed
_9139634
245 0 _aReadings in education
260 _c1956
490 _aExploration series in education, ed by John Guy Fowlkes
650 _aEDUCATION
700 _a Grambs Jean D ed
_9139635
942 _hTz7, J6
_cTEXL
_2CC
999 _c271519
_d271519